Ohio State starting quarterbacks in the 2000's - Statistics

General Stats
  • This quiz has been taken 95 times
    23 since last reset
  • The average score is 18 of 25
Answer Stats
Hint Answer % Correct
2021 CJ Stroud
100%
2022 CJ Stroud
100%
2025 Julian Sayin
100%
2024 Will Howard
100%
2018 Dwayne Haskins
95%
2019 Justin Fields
95%
2020 Justin Fields
95%
2014 JT Barrett
90%
2016 JT Barrett
90%
2017 JT Barrett
90%
2023 Kyle McCord
90%
2006 Troy Smith
90%
2015 Cardale Jones
86%
2012 Braxton MIller
76%
2013 Braxton Miller
76%
2009 Terrelle Pryor
71%
2010 Terrelle Pryor
71%
2002 Craig Krenzel
52%
2003 Craig Krenzel
52%
2011 Joe Bauserman
29%
2004 Justin Zwick
24%
2005 Justin Zwick
24%
2007 Todd Boeckman
24%
2008 Todd Boeckman
24%
2001 Steve Bellasari
10%
No matching quizzes found
Score Distribution
Percent of People with Each Score
Percentile by Number Answered
Your Score History
You have not taken this quiz since the last reset